<?xml version="1.0" encoding="UTF-8"?>
<collection xmlns="http://www.loc.gov/MARC21/slim">
 <record>
  <leader>01770nam a2200193Ia 4500</leader>
  <controlfield tag="001">CTU_220821</controlfield>
  <controlfield tag="008">210402s9999    xx            000 0 und d</controlfield>
  <datafield tag="020" ind1=" " ind2=" ">
   <subfield code="c">72000</subfield>
  </datafield>
  <datafield tag="082" ind1=" " ind2=" ">
   <subfield code="a">951</subfield>
  </datafield>
  <datafield tag="082" ind1=" " ind2=" ">
   <subfield code="b">Ph500</subfield>
  </datafield>
  <datafield tag="100" ind1=" " ind2=" ">
   <subfield code="a">Nguyễn, Gia Phu</subfield>
  </datafield>
  <datafield tag="245" ind1=" " ind2="0">
   <subfield code="a">Lịch sử Trung Quốc</subfield>
  </datafield>
  <datafield tag="245" ind1=" " ind2="0">
   <subfield code="c">Nguyễn Gia Phu, Nguyễn Huy Quý</subfield>
  </datafield>
  <datafield tag="260" ind1=" " ind2=" ">
   <subfield code="a">Hà Nội</subfield>
  </datafield>
  <datafield tag="260" ind1=" " ind2=" ">
   <subfield code="b">Giáo Dục</subfield>
  </datafield>
  <datafield tag="260" ind1=" " ind2=" ">
   <subfield code="c">2012</subfield>
  </datafield>
  <datafield tag="520" ind1=" " ind2=" ">
   <subfield code="a">Trung Quốc là một quốc gia có lịch sử lâu đời, là một trong những cái nôi của nên văn minh nhân loại. Do bối cảnh lịch sử và địa lí, lịch sử mấy nghìn năm của Việt Nam có nhiều mối tương quan với lịch sử Trung Quốc. Vì vậy, từ lâu giới sử học nói riêng củng như người Việt Nam nói chung rất quan tâm nghiên cứu, tìm hiểu lịch sử Trung Quốc, không những để biết lịch sử của nước láng giềng, mà quan trọng hơn là để giúp đỡ cho việc nghiên cứu, tìm hiểu lịch sử Việt Nam.Trong quá trình nghiên cứu, biên soạn công trình này, chúng tôi đã cố gắng tiếp thu những thành tựu nghiên cứu mới nhất về lịch sử Trung Quốc của các học giả Trung Quốc và nước ngoài, nhằm phản ánh một cách khách quan, khoa học thực tế lịch sử Trung Quốc ; quán triệt những quan điểm chính trị và ngoại giao của Đảng và Nhà nước ta...</subfield>
  </datafield>
  <datafield tag="904" ind1=" " ind2=" ">
   <subfield code="i">Hồng Trâm, Trúc</subfield>
  </datafield>
  <datafield tag="980" ind1=" " ind2=" ">
   <subfield code="a">Trung tâm Học liệu Trường Đại học Cần Thơ</subfield>
  </datafield>
 </record>
</collection>
